[Event "Ljubljana-chT 71st 1st League"]
[Site "Ljubljana"]
[Date "2018.01.25"]
[Round "3.2"]
[White "Butala, Marjan"]
[Black "Krupenko, Peter"]
[Result "1/2-1/2"]
[WhiteElo "1981"]
[BlackElo "1735"]
[PlyCount "105"]
[EventDate "2018.01.11"]
[EventType "team-tourn"]
[EventRounds "9"]
[EventCountry "SLO"]
[SourceTitle "EXT 2024"]
[Source "ChessBase"]
[SourceDate "2023.10.10"]
[SourceVersion "1"]
[SourceVersionDate "2023.10.10"]
[SourceQuality "1"]
[WhiteTeam "Visnja Gora Sticna"]
[BlackTeam "Medvode Vittori Swimmear"]
[WhiteTeamCountry "SLO"]
[BlackTeamCountry "SLO"]

1. e4 Nf6 2. e5 Nd5 3. c4 Nb6 4. d4 d6 5. f4 g6 6. Nc3 Bg7 7. Be2 0-0 8. Nf3 f6 9. exd6 exd6 10. 0-0 Nc6 11. Be3 Ne7 12. Bf2 c6 13. a4 Be6 14. b3 d5 15. a5 Nd7 16. c5 Re8 17. Re1 Bg4 18. h3 Bxf3 19. Bxf3 f5 20. b4 Nf6 21. Qb3 Kf8 22. b5 Ne4 23. Bxe4 fxe4 24. g4 h5 25. a6 bxa6 26. Rxa6 Qc8 27. Qd1 hxg4 28. hxg4 cxb5 29. Rd6 Qb7 30. Qb3 Rad8 31. Rxd8 Rxd8 32. Qxb5 Qxb5 33. Nxb5 Nc6 34. Ra1 a5 35. Kg2 Rb8 36. Nc7 Rb2 37. Re1 Kf7 38. Kg1 Nxd4 39. Bxd4 Bxd4+ 40. Kh1 Ra2 41. Nxd5 Ra1 42. Rxa1 Bxa1 43. c6 Ke6 44. Nb6 Kd6 45. Nc4+ Kxc6 46. Nxa5+ Kd5 47. Kg2 Bc3 48. Nb3 Kc4 49. Nc1 Bd2 50. Ne2 Kd3 51. Kf2 Be3+ 52. Ke1 Bd2+ 53. Kf2 1/2-1/2

[Event "Portoroz op 11th"]
[Site "Portoroz"]
[Date "2017.07.23"]
[Round "2"]
[White "Butala, Marjan"]
[Black "Gonzalez Diaz, Julio"]
[Result "0-1"]
[WhiteElo "1981"]
[BlackElo "2259"]
[PlyCount "54"]
[EventDate "2017.07.22"]
[EventType "swiss"]
[EventRounds "9"]
[EventCountry "SLO"]
[SourceTitle "EXT 2018"]
[Source "ChessBase"]
[SourceDate "2017.10.13"]
[SourceVersion "1"]
[SourceVersionDate "2017.10.13"]
[SourceQuality "1"]

1. c4 e5 2. Nc3 Bc5 3. e3 Nc6 4. g3 a6 5. Bg2 Ba7 6. a3 d6 7. d3 Be6 8. Nge2 Qd7 9. Nd5 Nd8 10. Qb3 Rb8 11. Nec3 c6 12. Nb4 a5 13. Nc2 b5 14. Qa2 Nf6 15. b3 a4 16. bxa4 bxc4 17. dxc4 Nb7 18. Rb1 0-0 19. Nb4 Na5 20. Bf1 Bf5 21. Rb2 Ne4 22. Bd2 Nc5 23. f3 e4 24. f4 Qe8 25. Nc2 Nd3+ 26. Bxd3 exd3 27. Nb4 Bxe3 0-1

[Event "Ljubljana-chT 70th 1st League"]
[Site "Ljubljana"]
[Date "2017.02.23"]
[Round "6.1"]
[White "Butala, Marjan"]
[Black "Vidmar, Klara"]
[Result "1-0"]
[WhiteElo "1979"]
[BlackElo "1624"]
[PlyCount "39"]
[EventDate "2017.01.12"]
[EventType "team-swiss"]
[EventRounds "9"]
[EventCountry "SLO"]
[SourceTitle "EXT 2022"]
[Source "ChessBase"]
[SourceDate "2021.10.06"]
[SourceVersion "1"]
[SourceVersionDate "2021.10.06"]
[SourceQuality "1"]
[WhiteTeam "Ljubljana Karel Jeraj"]
[BlackTeam "Komenda Pogi"]
[WhiteTeamCountry "SLO"]
[BlackTeamCountry "SLO"]

1. Nf3 d5 2. g3 c5 3. Bg2 Nf6 4. c4 d4 5. d3 Nc6 6. 0-0 e5 7. a3 Bd6 8. Nbd2 0-0 9. e4 h6 10. Nh4 Nh7 11. Nf5 Bxf5 12. exf5 Qd7 13. Ne4 Be7 14. Qg4 Kh8 15. Bd2 Nf6 16. Qh3 Nxe4 17. Bxe4 Qd6 18. g4 f6 19. Bxh6 gxh6 20. Qxh6+ 1-0

[Event "SLO-chT Central Superliga 17th"]
[Site "Slovenia"]
[Date "2016.11.24"]
[Round "9.2"]
[White "Debevec, Blaz"]
[Black "Butala, Marjan"]
[Result "1-0"]
[WhiteElo "2200"]
[BlackElo "2015"]
[PlyCount "84"]
[EventDate "2016.09.22"]
[EventType "team-tourn"]
[EventRounds "9"]
[EventCountry "SLO"]
[SourceTitle "EXT 2023"]
[Source "ChessBase"]
[SourceDate "2022.10.05"]
[SourceVersion "1"]
[SourceVersionDate "2022.10.05"]
[SourceQuality "1"]
[WhiteTeam "Komenda Popotnik"]
[BlackTeam "Visnja Gora Sticna"]
[WhiteTeamCountry "SLO"]
[BlackTeamCountry "SLO"]

1. e4 Nf6 2. e5 Nd5 3. d4 d6 4. c4 Nb6 5. exd6 exd6 6. Nc3 Be7 7. h3 Nc6 8. Nf3 0-0 9. d5 Nb4 10. a3 Na6 11. Be3 Bf5 12. Nd4 Bg6 13. Be2 Re8 14. Qd2 Nc5 15. b4 Ne4 16. Nxe4 Bxe4 17. 0-0 Bf6 18. f3 Bg6 19. Bf2 Qd7 20. Rad1 a6 21. Rfe1 Re7 22. Nb3 Qa4 23. Nd4 Rae8 24. Bf1 h6 25. f4 Be4 26. Bd3 Qxa3 27. Bf1 Qa4 28. Ra1 Qd7 29. Ra3 h5 30. Qd1 g6 31. g4 h4 32. Rae3 Bxd5 33. Rxe7 Rxe7 34. Rxe7 Qxe7 35. cxd5 Nxd5 36. g5 Bg7 37. Nf5 gxf5 38. Qxd5 Qe4 39. Qd2 Kf8 40. Bg2 Qb1+ 41. Kh2 b6 42. Bc6 Qb3 1-0

[Event "SLO-chT2 West"]
[Site "Komenda"]
[Date "2016.11.13"]
[Round "4.1"]
[White "Butala, Marjan"]
[Black "Kodric, Vladimir"]
[Result "1/2-1/2"]
[WhiteElo "2015"]
[BlackElo "1945"]
[PlyCount "90"]
[EventDate "2016.11.11"]
[EventType "team-tourn"]
[EventRounds "9"]
[EventCountry "SLO"]
[SourceTitle "EXT 2019"]
[Source "ChessBase"]
[SourceDate "2018.10.10"]
[SourceVersion "1"]
[SourceVersionDate "2018.10.10"]
[SourceQuality "1"]
[WhiteTeam "Ljubljana Karel Jeraj"]
[BlackTeam "Loska Dolina"]
[WhiteTeamCountry "SLO"]
[BlackTeamCountry "SLO"]

1. c4 g6 2. Nf3 Bg7 3. g3 c6 4. Nc3 d6 5. Bg2 Nf6 6. d4 Qc7 7. e4 e5 8. d5 0-0 9. 0-0 c5 10. Ne1 Nbd7 11. Nb5 Qb8 12. a4 a6 13. Nc3 b6 14. Nd3 Ra7 15. Be3 h6 16. h3 Qc7 17. Qd2 Kh7 18. f4 Nh5 19. g4 Nxf4 20. Nxf4 exf4 21. Rxf4 Ne5 22. Qe2 Qd8 23. Raf1 Re7 24. Nd1 Bd7 25. b3 Qe8 26. Qc2 b5 27. axb5 axb5 28. Nb2 bxc4 29. Nxc4 Nxc4 30. bxc4 Qa8 31. Kh1 Be8 32. R4f2 Rb7 33. Bf4 Qb8 34. e5 dxe5 35. Be3 Qd6 36. Rb1 Ra7 37. Be4 Bd7 38. Qd3 Kg8 39. Kg2 Rb8 40. Qd2 Ra4 41. Rc1 Rf8 42. Bxh6 f5 43. Bxg7 Kxg7 44. gxf5 gxf5 45. Bc2 Ra3 1/2-1/2